Nghiên cứu xác định một số loại hợp chất PCBs trong nước mặt, trong đất ở thành phố Đà Nẵng
Tổng quan vấn đề nghiên cứu: các nhân tố ảnh hưởng đến sự tồn lưu và phân giải của hợp chất PCBs; Hợp chất PCBs; Các pp xác định PCBs. Nguyên liệu và phương pháp nghiên cứu. Kết quả và bàn luận: kqks các pp chiết tách hợp chất PCBs; quy trình và kết quả phân tích mẫu thực tế...
Enregistré dans:
| Auteur principal: | |
|---|---|
| Autres auteurs: | |
| Format: | Livre |
| Langue: | Vietnamese |
| Publié: |
Đại học Đà Nẵng
Trường đại học Sư Phạm
2011
|
| Collection: | Khóa luận tốt nghiệp đại học. Chuyên ngành: Sư phạm hóa
|
| Sujets: | |
| Tags: |
Ajouter un tag
Pas de tags, Soyez le premier à ajouter un tag!
|
| Thư viện lưu trữ: | Mạng thư viện Đại học Đà Nẵng |
|---|
| LEADER | 01729nam a2200349 4500 | ||
|---|---|---|---|
| 001 | 000012565 | ||
| 003 | 8869 | ||
| 005 | 20120222100212.0 | ||
| 008 | 120222s2011 viesd | ||
| 041 | |a vie | ||
| 072 | |a Khóa luận tốt nghiệp | ||
| 082 | |a 661.08 |b LE-T | ||
| 100 | |a Lê, Thị Bích Trâm | ||
| 245 | |a Nghiên cứu xác định một số loại hợp chất PCBs trong nước mặt, trong đất ở thành phố Đà Nẵng |c Lê, Thị Bích Trâm | ||
| 260 | |a Đại học Đà Nẵng |b Trường đại học Sư Phạm |c 2011 | ||
| 300 | |a 47 tr. |c 29 cm | ||
| 490 | |a Khóa luận tốt nghiệp đại học. Chuyên ngành: Sư phạm hóa | ||
| 500 | |a Tham khảo tr.46 + phụ lục [6 tr.] | ||
| 520 | |a Tổng quan vấn đề nghiên cứu: các nhân tố ảnh hưởng đến sự tồn lưu và phân giải của hợp chất PCBs; Hợp chất PCBs; Các pp xác định PCBs. Nguyên liệu và phương pháp nghiên cứu. Kết quả và bàn luận: kqks các pp chiết tách hợp chất PCBs; quy trình và kết quả phân tích mẫu thực tế | ||
| 653 | |a Khóa luận tốt nghiệp đại học | ||
| 653 | |a Khoa Hóa học | ||
| 700 | |a Đào, Hùng Cường |c GS.TS |e Hướng dẫn | ||
| OWN | |a LSP | ||
| AVA | |a UDN50 |b LSP |d 661.08 LE-T |e available |t Error 5001 Not defined in file expand_doc_bib_avail. |f 1 |g 0 |h N |i 0 |k 1 | ||
| 999 | |a From the UDN01 | ||
| AVA | |a UDN50 |b LSP |d 661.08 LE-T |e available |t Error 5001 Not defined in file expand_doc_bib_avail. |f 1 |g 0 |h N |i 0 |k 1 | ||
| TYP | |a Monograph | ||
| TYP | |a Printed language | ||
| 980 | |a Mạng thư viện Đại học Đà Nẵng | ||